000 01378cam a22003614i 4500
003 PE-LiUPU
005 20250731184054.0
008 161212s r 000 0 spa d
020 _a9789972927553
035 _a(Sirsi) a165634
040 _aPE-LiUPU
049 _aPRUA
082 0 4 _a809.9333538
_bK26
100 1 _aKauffmann Doig, Federico,
_eautor.
040 _aPE-LiUPU
245 _aMagia sexual en el Perú :
_bUn análisis académico /
_cFederico Kauffmann Doig.
264 _aPerú :
_bGheller,
_c2015.
300 _a146 páginas :
_bIlustraciones ;
_c24 centímetros.
336 _text
_2rdacontent
337 _unmediated
_2rdamedia
338 _volume
_2rdacarrier
505 0 _aIntroducción -- Formas amorosas / ritual y erotismo -- Culto fálico / fertilidad mediante rituales mágicos -- Sexualidad en el Incario -- Sexualidad en la esfera divina -- Epílogo.
526 _aP145
526 _aP127
526 _aP97
526 _aP14
526 _aP07
541 _g003-0047644;
650 0 4 _asexualidad
_xAntiguo
_zPerú.
596 _a1
942 _2ddc
_cBOOK
999 _a809.9333538 K26
_wDEWEY
_c14406
_i74905
_f2021-11-10
_g7
_lCCODEBUL1
_mBUL
_p21.34
_r0
_sY
_tBOOK
_u2016-12-12
_xINGENIERIA
_PP06
_0COMPRA
_o.STAFF. Colección FIA
_d14406
980 _81
_gALBERTO SANCHEZ Responsable de Automatización